<?xml version="1.0" encoding="UTF-8"?>
<record
    xmlns:xsi="http://www.w3.org/2001/XMLSchema-instance"
    xsi:schemaLocation="http://www.loc.gov/MARC21/slim http://www.loc.gov/standards/marcxml/schema/MARC21slim.xsd"
    xmlns="http://www.loc.gov/MARC21/slim">

  <leader>00731nam a22002177a 4500</leader>
  <controlfield tag="003">NUST-PNEC</controlfield>
  <controlfield tag="005">20170116180733.0</controlfield>
  <controlfield tag="008">140712b        xxu||||| |||| 00| 0 eng d</controlfield>
  <datafield tag="020" ind1=" " ind2=" ">
    <subfield code="a">9788131726266</subfield>
  </datafield>
  <datafield tag="040" ind1=" " ind2=" ">
    <subfield code="c">PNEC</subfield>
  </datafield>
  <datafield tag="082" ind1=" " ind2=" ">
    <subfield code="a">005.74 HOF</subfield>
  </datafield>
  <datafield tag="100" ind1=" " ind2=" ">
    <subfield code="9">69</subfield>
    <subfield code="a">Hoffer, Jeffrey A.</subfield>
  </datafield>
  <datafield tag="245" ind1=" " ind2=" ">
    <subfield code="a">Modern database management</subfield>
    <subfield code="c">Jeffrey A. Hoffer</subfield>
  </datafield>
  <datafield tag="250" ind1=" " ind2=" ">
    <subfield code="a">9th ed.</subfield>
  </datafield>
  <datafield tag="260" ind1=" " ind2=" ">
    <subfield code="a">New Delhi</subfield>
    <subfield code="b">Doorling Kindersley (India)Pvt.Ltd</subfield>
    <subfield code="c">c.2010</subfield>
  </datafield>
  <datafield tag="300" ind1=" " ind2=" ">
    <subfield code="a">xxvi, 671p. :</subfield>
    <subfield code="b">ill. :</subfield>
    <subfield code="c">28 cm.</subfield>
  </datafield>
  <datafield tag="500" ind1=" " ind2=" ">
    <subfield code="a">Includes Index </subfield>
  </datafield>
  <datafield tag="650" ind1=" " ind2=" ">
    <subfield code="x">Computer, MIS</subfield>
  </datafield>
  <datafield tag="856" ind1=" " ind2=" ">
    <subfield code="u">http://www.amazon.com/Database-Management-Systems-Prescott-Jeffrey/dp/B006VB1YCU/ref=sr_1_2?s=books&amp;ie=UTF8&amp;qid=1416462068&amp;sr=1-2&amp;keywords=9788131726266</subfield>
  </datafield>
  <datafield tag="942" ind1=" " ind2=" ">
    <subfield code="2">ddc</subfield>
    <subfield code="c">BK</subfield>
  </datafield>
  <datafield tag="999" ind1=" " ind2=" ">
    <subfield code="c">61866</subfield>
    <subfield code="d">61866</subfield>
  </datafield>
  <datafield tag="952" ind1=" " ind2=" ">
    <subfield code="0">0</subfield>
    <subfield code="1">0</subfield>
    <subfield code="2">ddc</subfield>
    <subfield code="4">0</subfield>
    <subfield code="7">0</subfield>
    <subfield code="a">PNEC</subfield>
    <subfield code="b">PNEC</subfield>
    <subfield code="c">WING-A</subfield>
    <subfield code="d">2011-02-15</subfield>
    <subfield code="e">NUST Recurring A/c</subfield>
    <subfield code="g">1002.58</subfield>
    <subfield code="l">0</subfield>
    <subfield code="o">005.74 HOF</subfield>
    <subfield code="p">PNECLIB-030276</subfield>
    <subfield code="r">2014-11-20</subfield>
    <subfield code="v">1002.58</subfield>
    <subfield code="w">2011-02-15</subfield>
    <subfield code="y">BK</subfield>
  </datafield>
  <datafield tag="952" ind1=" " ind2=" ">
    <subfield code="0">0</subfield>
    <subfield code="1">0</subfield>
    <subfield code="2">ddc</subfield>
    <subfield code="4">0</subfield>
    <subfield code="7">0</subfield>
    <subfield code="a">PNEC</subfield>
    <subfield code="b">PNEC</subfield>
    <subfield code="c">WING-A</subfield>
    <subfield code="d">2011-02-15</subfield>
    <subfield code="e">NUST Recurring A/c</subfield>
    <subfield code="g">1002.58</subfield>
    <subfield code="l">1</subfield>
    <subfield code="o">005.74 HOF</subfield>
    <subfield code="p">PNECLIB-030275</subfield>
    <subfield code="r">2016-11-09</subfield>
    <subfield code="s">2016-11-09</subfield>
    <subfield code="v">1002.58</subfield>
    <subfield code="w">2011-02-15</subfield>
    <subfield code="y">BK</subfield>
  </datafield>
</record>
